[Event "Dhaka Chowdhury Memorial op-B 2nd"]
[Site "Dhaka"]
[Date "2022.07.07"]
[Round "8"]
[White "Nurul, Islam Emon"]
[Black "Dewan, Riad"]
[Result "0-1"]
[WhiteElo "1805"]
[BlackElo "1970"]
[PlyCount "29"]
[EventDate "2022.07.02"]
[EventType "swiss"]
[EventRounds "9"]
[EventCountry "BAN"]
[SourceTitle "EXT 2023"]
[Source "ChessBase"]
[SourceDate "2022.10.05"]
[SourceVersion "1"]
[SourceVersionDate "2022.10.05"]
[SourceQuality "1"]

1. d4 d5 2. Nf3 Nf6 3. c4 e6 4. Bg5 Nbd7 5. Qc2 Be7 6. Nbd2 0-0 7. e3 h6 8. h4 b6 9. Bf4 Bb7 10. Bd3 c5 11. Ng5 cxd4 12. exd4 Rc8 13. Rh3 dxc4 14. Bh7+ Kh8 15. 0-0-0 0-1

[Event "Dhaka Marcel op"]
[Site "Dhaka"]
[Date "2022.04.27"]
[Round "9"]
[White "Nurul, Islam Emon"]
[Black "Osman, Goni"]
[Result "0-1"]
[WhiteElo "1879"]
[BlackElo "1620"]
[PlyCount "73"]
[EventDate "2022.04.19"]
[EventType "swiss"]
[EventRounds "9"]
[EventCountry "BAN"]
[SourceTitle "EXT 2023"]
[Source "ChessBase"]
[SourceDate "2022.10.05"]
[SourceVersion "1"]
[SourceVersionDate "2022.10.05"]
[SourceQuality "1"]

1. d4 d5 2. Nf3 Nf6 3. c4 c6 4. e3 e6 5. Bd3 Bd6 6. 0-0 Nbd7 7. Nbd2 0-0 8. b3 Re8 9. Bb2 e5 10. dxe5 Nxe5 11. Nxe5 Bxe5 12. Bxe5 Rxe5 13. Nf3 Bg4 14. cxd5 Rxd5 15. Bxh7+ Nxh7 16. Qe2 Ng5 17. Rad1 Qf6 18. Rxd5 cxd5 19. h3 Bxf3 20. gxf3 Qxf3 21. Qxf3 Nxf3+ 22. Kg2 Nh4+ 23. Kg3 Ng6 24. Rc1 Kf8 25. Rc7 Rb8 26. h4 Ke8 27. Kg4 Ne7 28. f4 Kd8 29. Rc2 Rc8 30. Rd2 Kd7 31. f5 Kd6 32. f6 gxf6 33. e4 Rc5 34. h5 Ke6 35. exd5+ Rxd5 36. Rxd5 Kxd5 37. h6 0-1

[Event "Dhaka Marcel op"]
[Site "Dhaka"]
[Date "2022.04.26"]
[Round "8"]
[White "Tahmidul, Haque"]
[Black "Nurul, Islam Emon"]
[Result "1/2-1/2"]
[WhiteElo "1811"]
[BlackElo "1879"]
[PlyCount "136"]
[EventDate "2022.04.19"]
[EventType "swiss"]
[EventRounds "9"]
[EventCountry "BAN"]
[SourceTitle "EXT 2023"]
[Source "ChessBase"]
[SourceDate "2022.10.05"]
[SourceVersion "1"]
[SourceVersionDate "2022.10.05"]
[SourceQuality "1"]

1. e4 c5 2. Nf3 d6 3. d4 cxd4 4. Nxd4 Nf6 5. Nc3 a6 6. Bg5 e6 7. f4 Nbd7 8. Qf3 Qe7 9. 0-0-0 b5 10. g4 Bb7 11. Bxf6 gxf6 12. h4 Rc8 13. a3 Nb6 14. g5 f5 15. Bh3 Bg7 16. Qh5 Bxd4 17. Rxd4 Na4 18. Rxa4 bxa4 19. Re1 Bxe4 20. Rxe4 fxe4 21. Bxe6 0-0 22. Bd5 Kh8 23. Bxe4 f5 24. gxf6 Rxf6 25. Nd5 Qg7 26. Nxf6 Qg1+ 27. Qd1 Qe3+ 28. Kb1 Qxf4 29. Qd4 Qf1+ 30. Ka2 Qc4+ 31. Qxc4 Rxc4 32. h5 Kg7 33. Bd3 Rd4 34. Nxh7 Rxd3 35. cxd3 Kxh7 36. Kb1 Kh6 37. Kc2 Kxh5 38. Kc3 Kg5 39. Kb4 Kf4 40. Kxa4 Ke3 41. b4 Kxd3 42. Ka5 Ke3 43. Kxa6 d5 44. b5 d4 45. b6 d3 46. b7 d2 47. b8Q d1Q 48. Qe5+ Kf2 49. Qh2+ Ke3 50. Qe5+ Kf2 51. Qf4+ Kg2 52. a4 Qe2+ 53. Ka5 Qe1+ 54. Kb5 Qe8+ 55. Kc5 Qe7+ 56. Kd4 Qb4+ 57. Ke3 Qb3+ 58. Ke2 Qa2+ 59. Ke1 Qa1+ 60. Kd2 Qa2+ 61. Kd1 Qa1+ 62. Kc2 Qa2+ 63. Kc3 Qa1+ 64. Kd2 Qa2+ 65. Ke1 Qa1+ 66. Ke2 Qa2+ 67. Qd2 Qxa4 68. Ke3+ Kh3 1/2-1/2

[Event "Dhaka Marcel op"]
[Site "Dhaka"]
[Date "2022.04.20"]
[Round "2"]
[White "Md, Moinuddin"]
[Black "Nurul, Islam Emon"]
[Result "0-1"]
[WhiteElo "1580"]
[BlackElo "1879"]
[PlyCount "94"]
[EventDate "2022.04.19"]
[EventType "swiss"]
[EventRounds "9"]
[EventCountry "BAN"]
[SourceTitle "EXT 2023"]
[Source "ChessBase"]
[SourceDate "2022.10.05"]
[SourceVersion "1"]
[SourceVersionDate "2022.10.05"]
[SourceQuality "1"]

1. e4 c5 2. Nf3 d6 3. Bb5+ Bd7 4. Bxd7+ Nxd7 5. 0-0 Ngf6 6. Re1 e5 7. c3 Be7 8. d4 0-0 9. Bg5 h6 10. Bh4 Qc7 11. d5 c4 12. Qa4 a6 13. b4 cxb3 14. axb3 g5 15. Bg3 Nc5 16. Qa2 Ncxe4 17. c4 Nxg3 18. hxg3 Nd7 19. Nbd2 f5 20. Nf1 Bf6 21. Rab1 e4 22. N3h2 Ne5 23. Ne3 Bg7 24. Qe2 Nd3 25. Rf1 Rae8 26. Qh5 Qf7 27. Qh3 h5 28. g4 Nf4 29. Nxf5 Nxh3+ 30. gxh3 Qg6 31. f4 Rxf5 32. gxf5 Qxf5 33. fxg5 Qxg5+ 34. Kh1 Be5 35. Rg1 Bg3 36. Rxg3 Qxg3 37. Rg1 Qxg1+ 38. Kxg1 Rf8 39. Nf1 Kg7 40. b4 Kf6 41. Nd2 Ke5 42. Kg2 Kd4 43. Kg3 Kd3 44. Nb3 Kxc4 45. Na5+ Kxd5 46. Nxb7 e3 47. Na5 e2 0-1

[Event "Dhaka Marcel op"]
[Site "Dhaka"]
[Date "2022.04.19"]
[Round "1"]
[White "Nurul, Islam Emon"]
[Black "Manon, Reja Neer"]
[Result "0-1"]
[WhiteElo "1879"]
[BlackElo "2137"]
[PlyCount "70"]
[EventDate "2022.04.19"]
[EventType "swiss"]
[EventRounds "9"]
[EventCountry "BAN"]
[SourceTitle "EXT 2023"]
[Source "ChessBase"]
[SourceDate "2022.10.05"]
[SourceVersion "1"]
[SourceVersionDate "2022.10.05"]
[SourceQuality "1"]

1. d4 Nf6 2. Nf3 g6 3. c4 Bg7 4. Nc3 d6 5. e4 0-0 6. Be2 e5 7. 0-0 Nc6 8. dxe5 dxe5 9. Bg5 Qxd1 10. Raxd1 Bg4 11. Bxf6 Bxf6 12. Nd5 Bd8 13. h3 Bxf3 14. Bxf3 Nd4 15. Rd3 c6 16. Ne3 Be7 17. Bd1 Rfd8 18. Ng4 f6 19. a3 Ne6 20. Rc3 Rd2 21. b4 a5 22. c5 Nd4 23. Kh2 axb4 24. axb4 Ra1 25. Ne3 Rb1 26. Rc4 Kg7 27. g3 Rdb2 28. Kg2 Rxb4 29. Rc3 Rb5 30. Ba4 Rxf1 31. Nxf1 Rxc5 32. Rd3 b5 33. Bd1 Rc1 34. Bg4 b4 35. Nd2 Rc3 0-1

[Event "BAN-chT 1st League"]
[Site "Dhaka"]
[Date "2022.03.17"]
[Round "8.4"]
[White "Nurul, Islam Emon"]
[Black "Jodunath, Biswas"]
[Result "1-0"]
[WhiteElo "1860"]
[BlackElo "1877"]
[PlyCount "85"]
[EventDate "2022.03.10"]
[EventType "team-tourn"]
[EventRounds "11"]
[EventCountry "BAN"]
[SourceTitle "EXT 2023"]
[Source "ChessBase"]
[SourceDate "2022.10.05"]
[SourceVersion "1"]
[SourceVersionDate "2022.10.05"]
[SourceQuality "1"]
[WhiteTeam "Dhaka CC"]
[BlackTeam "Sangbadik Shahnoor Khan"]
[WhiteTeamCountry "BAN"]
[BlackTeamCountry "BAN"]

1. d4 Nf6 2. Nf3 c5 3. d5 e6 4. c4 b5 5. dxe6 fxe6 6. cxb5 d5 7. e3 Bd6 8. Bd3 0-0 9. 0-0 e5 10. e4 Qc7 11. b3 Kh8 12. Nfd2 a6 13. Nc3 d4 14. Ne2 axb5 15. Bxb5 Bb7 16. Ng3 Nc6 17. f3 Ne7 18. Nc4 Bc8 19. a4 Be6 20. Bg5 Nc6 21. Rc1 Nb4 22. Nxd6 Qxd6 23. Bd2 Na2 24. Ra1 Nb4 25. Bxb4 cxb4 26. Ne2 Rac8 27. Qd3 Qc7 28. Rac1 Qf7 29. f4 exf4 30. Rxc8 Rxc8 31. Qxd4 Bxb3 32. Qxb4 Ng4 33. Qd4 Qh5 34. h3 Nf6 35. Nxf4 Qc5 36. Qxc5 Rxc5 37. Nd3 Rc8 38. e5 Ne4 39. Re1 Nc3 40. Bd7 Rb8 41. Nc5 Bc4 42. e6 Nd5 43. e7 1-0

[Event "BAN-chT 1st League"]
[Site "Dhaka"]
[Date "2022.03.15"]
[Round "6.4"]
[White "Nurul, Islam Emon"]
[Black "Mollah, Istiak Ahmed"]
[Result "0-1"]
[WhiteElo "1860"]
[BlackElo "1885"]
[PlyCount "96"]
[EventDate "2022.03.10"]
[EventType "team-tourn"]
[EventRounds "11"]
[EventCountry "BAN"]
[SourceTitle "EXT 2023"]
[Source "ChessBase"]
[SourceDate "2022.10.05"]
[SourceVersion "1"]
[SourceVersionDate "2022.10.05"]
[SourceQuality "1"]
[WhiteTeam "Dhaka CC"]
[BlackTeam "Kasparov CC"]
[WhiteTeamCountry "BAN"]
[BlackTeamCountry "BAN"]

1. d4 d5 2. Nf3 Nf6 3. c4 dxc4 4. Nc3 e6 5. Bg5 Be7 6. e4 c6 7. a4 h6 8. Bxf6 Bxf6 9. e5 Be7 10. Bxc4 0-0 11. 0-0 b6 12. Qe2 a5 13. Rac1 Ba6 14. Rfd1 Qc8 15. Ne4 Rd8 16. Qe3 Bxc4 17. Rxc4 Na6 18. h4 Nb4 19. Qf4 Nd5 20. Qg4 Qd7 21. Ng3 f5 22. exf6 Nxf6 23. Qg6 Bd6 24. Ne4 Nxe4 25. Qxe4 c5 26. dxc5 Bh2+ 27. Kxh2 Qxd1 28. Qxe6+ Kh7 29. Qf5+ Kg8 30. Ne5 Qd5 31. f4 Rf8 32. Qg4 bxc5 33. Rc3 Ra7 34. Rd3 Qe4 35. g3 Re7 36. Rd7 Rxd7 37. Qxd7 Qc2+ 38. Kg1 Qb1+ 39. Kh2 Qxb2+ 40. Kh3 Qb1 41. Qd5+ Kh8 42. Qxc5 Qf5+ 43. g4 Rc8 44. Qd4 Qc2 45. Nd3 Qc4 46. Qd7 Rc7 47. Qd8+ Kh7 48. Kg2 Qe4+ 0-1

[Event "BAN-chT 1st League"]
[Site "Dhaka"]
[Date "2022.03.13"]
[Round "4.4"]
[White "Nurul, Islam Emon"]
[Black "Anish, Rooj"]
[Result "1-0"]
[WhiteElo "1860"]
[BlackElo "1616"]
[PlyCount "77"]
[EventDate "2022.03.10"]
[EventType "team-tourn"]
[EventRounds "11"]
[EventCountry "BAN"]
[SourceTitle "EXT 2023"]
[Source "ChessBase"]
[SourceDate "2022.10.05"]
[SourceVersion "1"]
[SourceVersionDate "2022.10.05"]
[SourceQuality "1"]
[WhiteTeam "Dhaka CC"]
[BlackTeam "Basir Memorial"]
[WhiteTeamCountry "BAN"]
[BlackTeamCountry "BAN"]

1. d4 Nf6 2. Nf3 g6 3. c4 Bg7 4. Nc3 0-0 5. e4 d6 6. Be2 e5 7. Bg5 exd4 8. Nxd4 c6 9. Qd2 Na6 10. Bh6 Re8 11. Bxg7 Kxg7 12. f3 Nc5 13. 0-0-0 Qb6 14. h4 Be6 15. h5 Qb4 16. hxg6 fxg6 17. Qh6+ Kg8 18. Nc2 Qb6 19. Rxd6 Qc7 20. e5 Nh5 21. Qg5 Ng7 22. g4 Re7 23. b4 Na6 24. Ne4 Ne8 25. f4 c5 26. f5 Nxb4 27. Nxb4 cxb4 28. fxe6 Rg7 29. Rd5 Qc6 30. Nf6+ Nxf6 31. exf6 Qxe6 32. fxg7 Qxe2 33. Rd8+ Rxd8 34. Qxd8+ Kxg7 35. Qd4+ Kg8 36. Rd1 Qxa2 37. Qd5+ Kg7 38. Qe5+ Kf8 39. Rd8+ 1-0

[Event "Dhaka Al Mahmud Memorial"]
[Site "Dhaka"]
[Date "2022.02.13"]
[Round "9"]
[White "Ikramul, Haque Siam"]
[Black "Nurul, Islam Emon"]
[Result "1-0"]
[WhiteElo "2075"]
[BlackElo "1821"]
[PlyCount "45"]
[EventDate "2022.02.05"]
[EventType "swiss"]
[EventRounds "9"]
[EventCountry "BAN"]
[SourceTitle "EXT 2023"]
[Source "ChessBase"]
[SourceDate "2022.10.05"]
[SourceVersion "1"]
[SourceVersionDate "2022.10.05"]
[SourceQuality "1"]

1. d4 Nf6 2. Nf3 g6 3. g3 Bg7 4. Bg2 0-0 5. c4 d5 6. cxd5 Nxd5 7. e4 Nb6 8. h3 c6 9. 0-0 Be6 10. Nc3 f5 11. e5 Bd5 12. Ng5 Bxg2 13. Kxg2 Qd7 14. Qb3+ Nd5 15. e6 Qd6 16. Qxb7 Na6 17. Qxa6 Nxc3 18. bxc3 Qd5+ 19. Nf3 Qxe6 20. Bf4 Qc8 21. Qc4+ e6 22. Rfe1 Re8 23. Ng5 1-0

[Event "Dhaka Al Mahmud Memorial"]
[Site "Dhaka"]
[Date "2022.02.06"]
[Round "2"]
[White "Nurul, Islam Emon"]
[Black "Rahman, Syed Mahfuzur"]
[Result "0-1"]
[WhiteElo "1821"]
[BlackElo "2099"]
[PlyCount "64"]
[EventDate "2022.02.05"]
[EventType "swiss"]
[EventRounds "9"]
[EventCountry "BAN"]
[SourceTitle "EXT 2023"]
[Source "ChessBase"]
[SourceDate "2022.10.05"]
[SourceVersion "1"]
[SourceVersionDate "2022.10.05"]
[SourceQuality "1"]

1. d4 d5 2. Nf3 Nf6 3. c4 c6 4. e3 a6 5. Nbd2 Bf5 6. Be2 e6 7. 0-0 Nbd7 8. b3 Be7 9. Bb2 0-0 10. Nh4 Be4 11. f3 Ng4 12. fxg4 Bxh4 13. Nxe4 dxe4 14. g3 Bg5 15. Qd2 f5 16. h4 Be7 17. Rf2 Qc7 18. Rg2 Rad8 19. Qc3 Bd6 20. Kh2 Nf6 21. g5 Ng4+ 22. Bxg4 fxg4 23. Rag1 Qf7 24. Qc2 Qh5 25. Kh1 Rf3 26. Rh2 Bxg3 27. Qxe4 Re8 28. Rxg3 Rxg3 29. Qe5 Rf3 30. d5 Qf7 31. Rg2 exd5 32. Qd6 Rexe3 0-1

[Event "BAN-chT2 Borsho 2nd"]
[Site "Bangladesh"]
[Date "2021.01.26"]
[Round "7.4"]
[White "Nurul, Islam Emon"]
[Black "Hasan, Sk Rashedul"]
[Result "0-1"]
[WhiteElo "1866"]
[BlackElo "1897"]
[PlyCount "106"]
[EventDate "2021.01.20"]
[EventType "team-tourn"]
[EventRounds "9"]
[EventCountry "BAN"]
[SourceTitle "CBM 200 Extra"]
[Source "ChessBase"]
[SourceDate "2021.03.31"]
[SourceVersion "1"]
[SourceVersionDate "2021.03.31"]
[SourceQuality "1"]
[WhiteTeam "Legend Faraz Ayaiz"]
[BlackTeam "Shahnoor Khan Smrity Sangsad"]
[WhiteTeamCountry "BAN"]
[BlackTeamCountry "BAN"]

1. d4 Nf6 2. c4 e6 3. Nf3 Bb4+ 4. Bd2 Qe7 5. a3 Bxd2+ 6. Qxd2 b6 7. Nc3 Bb7 8. e3 0-0 9. Bd3 c5 10. e4 cxd4 11. Nxd4 Nc6 12. Nxc6 dxc6 13. e5 Nd7 14. f4 Nc5 15. Bc2 Rad8 16. Qe2 Qh4+ 17. g3 Qh3 18. b4 Na6 19. Be4 Rd7 20. Bg2 Qh6 21. 0-0 f6 22. Rad1 Rc7 23. Rd6 f5 24. Rfd1 Nb8 25. Rd8 g6 26. R1d6 Bc8 27. Qd2 Rcf7 28. Bxc6 Nxc6 29. Rxc6 Bb7 30. Rxf8+ Qxf8 31. Rxe6 Qc8 32. Rd6 Qxc4 33. e6 Re7 34. Qe3 Ba6 35. h4 Bb7 36. Qe5 Qc7 37. Qd4 Bc6 38. Nd5 Bxd5 39. Qxd5 Qc1+ 40. Kh2 Qb2+ 41. Kh3 Qe2 42. Rd8+ Kg7 43. Qe5+ Qxe5 44. fxe5 Rxe6 45. Rd7+ Kh6 46. Rd5 Kh5 47. Kg2 g5 48. Kf3 h6 49. b5 Kg6 50. Rd6 Rxd6 51. exd6 Kf6 52. hxg5+ hxg5 53. g4 f4 0-1

[Event "BAN-chT2 Borsho 2nd"]
[Site "Bangladesh"]
[Date "2021.01.25"]
[Round "6.4"]
[White "Ipsha, Azad"]
[Black "Nurul, Islam Emon"]
[Result "0-1"]
[WhiteElo "1650"]
[BlackElo "1866"]
[PlyCount "88"]
[EventDate "2021.01.20"]
[EventType "team-tourn"]
[EventRounds "9"]
[EventCountry "BAN"]
[SourceTitle "CBM 200 Extra"]
[Source "ChessBase"]
[SourceDate "2021.03.31"]
[SourceVersion "1"]
[SourceVersionDate "2021.03.31"]
[SourceQuality "1"]
[WhiteTeam "Rangpur Players Kollan Somiti"]
[BlackTeam "Legend Faraz Ayaiz"]
[WhiteTeamCountry "BAN"]
[BlackTeamCountry "BAN"]

1. e4 c5 2. Nc3 Nc6 3. Bb5 e6 4. Bxc6 bxc6 5. d3 Qc7 6. f4 d6 7. Nf3 Nf6 8. 0-0 Be7 9. Qe1 0-0 10. e5 Nd5 11. Nxd5 cxd5 12. Qg3 f6 13. Bd2 Bb7 14. Rae1 dxe5 15. fxe5 fxe5 16. Bg5 Bd6 17. Qh3 Rae8 18. Bd2 Rf6 19. Bg5 Rf5 20. Qh5 g6 21. Qh6 e4 22. Nh4 Rxf1+ 23. Rxf1 Bf8 24. Rxf8+ Rxf8 25. Bd2 Qf7 26. h3 d4 27. dxe4 Bxe4 28. c3 e5 29. Qg5 Bd3 30. Qg3 e4 31. Bh6 Re8 32. Kh2 Qe6 33. Qc7 Qe5+ 34. Qxe5 Rxe5 35. Bf4 Rd5 36. g3 g5 37. Ng2 gxf4 38. Nxf4 Rd6 39. Kg2 Bb1 40. cxd4 cxd4 41. Kf2 Bxa2 42. Ke2 Rb6 43. b4 Rxb4 44. Nh5 Kf7 0-1

[Event "Dhaka Gateway Academy op"]
[Site "Dhaka"]
[Date "2020.01.03"]
[Round "5"]
[White "Nurul, Islam Emon"]
[Black "Md, Hasan"]
[Result "0-1"]
[WhiteElo "1940"]
[BlackElo "1778"]
[PlyCount "132"]
[EventDate "2019.12.30"]
[EventType "team-tourn"]
[EventRounds "7"]
[EventCountry "BAN"]
[SourceTitle "CBM 194 Extra"]
[Source "ChessBase"]
[SourceDate "2020.03.31"]
[SourceVersion "1"]
[SourceVersionDate "2020.03.31"]
[SourceQuality "1"]

1. d4 d5 2. c4 e5 3. dxe5 d4 4. Nf3 Nc6 5. g3 Nge7 6. Bg2 Ng6 7. Bg5 Be7 8. Bxe7 Qxe7 9. 0-0 Qc5 10. Nbd2 Ngxe5 11. Rc1 Nxf3+ 12. exf3 0-0 13. Nb3 Qd6 14. Re1 Bf5 15. Qd2 h6 16. g4 Be6 17. h3 Rad8 18. a3 d3 19. f4 f5 20. g5 hxg5 21. fxg5 f4 22. Re4 f3 23. Bf1 Rf5 24. Ree1 Re5 25. Qc3 Rxe1 26. Qxe1 Bf7 27. Rd1 Ne5 28. Nd2 Bg6 29. Qe3 Qd4 30. b3 a5 31. a4 c5 32. Re1 Re8 33. Qxd4 cxd4 34. Rd1 Kf7 35. Kh2 Ke7 36. Kg3 Kd6 37. Re1 Kc5 38. Kf4 Rf8+ 39. Kg3 Rf5 40. h4 Kb4 41. Rc1 Bh5 42. Bh3 Rf7 43. Be6 Re7 44. Bd5 Ka3 45. Rb1 Ka2 46. c5 Bf7 47. Be4 Bg6 48. Re1 Bxe4 49. Rxe4 Kb2 50. Kf4 Kc2 51. Nf1 Ng6+ 52. Kxf3 Rd7 53. h5 Ne7 54. g6 d2 55. Nxd2 Kxd2 56. Re6 Nf5 57. Kf4 Ne7 58. h6 gxh6 59. Kg4 Nxg6 60. Rxg6 d3 61. Rxh6 Kc2 62. c6 bxc6 63. Rxc6+ Kxb3 64. Rb6+ Kc3 65. Rc6+ Kd4 66. f4 d2 0-1

[Event "Dhaka Gateway Academy op"]
[Site "Dhaka"]
[Date "2019.12.31"]
[Round "2"]
[White "Nurul, Islam Emon"]
[Black "Md Sajidul, Haque"]
[Result "1-0"]
[WhiteElo "1940"]
[BlackElo "1743"]
[PlyCount "45"]
[EventDate "2019.12.30"]
[EventType "team-tourn"]
[EventRounds "7"]
[EventCountry "BAN"]
[SourceTitle "CBM 194 Extra"]
[Source "ChessBase"]
[SourceDate "2020.03.31"]
[SourceVersion "1"]
[SourceVersionDate "2020.03.31"]
[SourceQuality "1"]

1. d4 d5 2. c4 c6 3. Nc3 dxc4 4. e3 Nf6 5. Bxc4 Qc7 6. Nge2 Bg4 7. f3 Bh5 8. 0-0 e6 9. e4 Nbd7 10. Be3 Be7 11. Ng3 c5 12. d5 Ne5 13. Qa4+ Ned7 14. Nb5 Qc8 15. d6 Bd8 16. e5 Nb6 17. Nc7+ Kf8 18. Qb3 Nxc4 19. Qxc4 Bxc7 20. exf6 Bxd6 21. fxg7+ Kxg7 22. Nxh5+ Kf8 23. Rad1 1-0